MARC details
| 000 -CABECERA |
| campo de control de longitud fija |
01620nam a2200289 a 4500 |
| 003 - IDENTIFICADOR DEL NÚMERO DE CONTROL |
| campo de control |
DO-SdBNP |
| 005 - FECHA Y HORA DE LA ÚLTIMA TRANSACCIÓN |
| campo de control |
20220712102734.0 |
| 007 - CAMPO FIJO DE DESCRIPCIÓN FÍSICA--INFORMACIÓN GENERAL |
| campo de control de longitud fija |
ta |
| 008 - DATOS DE LONGITUD FIJA--INFORMACIÓN GENERAL |
| campo de control de longitud fija |
220712e2018 dr ao||gr|||| 00| 0bspa d |
| 020 ## - NÚMERO INTERNACIONAL ESTÁNDAR DEL LIBRO |
| Número Internacional Estándar del Libro |
9789945909753 |
| 040 ## - FUENTE DE LA CATALOGACIÓN |
| Centro catalogador/agencia de origen |
DO-SdBNP |
| Lengua de catalogación |
spa |
| Centro/agencia transcriptor |
BNPHU |
| 082 #4 - NÚMERO DE LA CLASIFICACIÓN DECIMAL DEWEY |
| Número de edición |
22 |
| Número de documento/Ítem |
G216v |
| 245 10 - MENCIÓN DE TÍTULO |
| Título |
Voces desde el horizonte. / |
| Mención de responsabilidad, etc. |
Rosa Idalia García; Presentación, María Amalia León de Jorge |
| 260 ## - PUBLICACIÓN, DISTRIBUCIÓN, ETC. |
| Lugar de publicación, distribución, etc. |
Santiago de los Caballeros : |
| Nombre del editor, distribuidor, etc. |
Centro León, |
| Fecha de publicación, distribución, etc. |
2018 |
| 300 ## - DESCRIPCIÓN FÍSICA |
| Extensión |
179 p. : |
| Otras características físicas |
il., fotogr. ; |
| Dimensiones |
30 cm. |
| 505 0# - NOTA DE CONTENIDO CON FORMATO |
| Título |
Palabras de Inauguración. / |
| Mención de responsabilidad |
María Amalia León de Jorge. Directora Fundación Eduardo León Jiménez y Centro León.-- |
| Título |
Lo profundo del aniversario rosiano. / |
| Mención de responsabilidad |
Elvia Ojeda.-- |
| Título |
Rosa Idalia García: Una mirada interpretativa, expcepcional, única y vigorosa. / |
| Mención de responsabilidad |
Danilo de los Santos.-- |
| Título |
Ámbito 1. / |
| Mención de responsabilidad |
Acento.-- |
| Título |
Ámbito 2. / |
| Mención de responsabilidad |
Atávicas.-- |
| Título |
Ámbito 3. / |
| Mención de responsabilidad |
El horizonte.-- |
| Título |
Ámbito 4. / |
| Mención de responsabilidad |
Plural.-- |
| Título |
Ámbito 5. / |
| Mención de responsabilidad |
Polifonía.-- |
| Título |
Ámbito 6. / |
| Mención de responsabilidad |
Resonancia.-- |
| Título |
Ámbito 7. / |
| Mención de responsabilidad |
Singular.-- |
| Título |
Cronología: Rosa Idalia García y el contexto. |
| -- |
Textos en inglés y francés. |
| 546 ## - NOTA DE LENGUA/LENGUAJE |
| Nota de lengua/lenguaje |
Textos en español, inglés y francés. |
| 585 ## - NOTA DE EXPOSICIONES |
| Especificación de materiales |
Exposición del 25 de mayo al 9 de septiembre de 2018. |
| 590 ## - NOTA LOCAL (RLIN) |
| Nota local |
Inventariado 2022 / MF |
| 650 #4 - PUNTO DE ACCESO ADICIONAL DE MATERIA--TÉRMINO DE MATERIA |
| 9 (RLIN) |
81683 |
| Término de materia o nombre geográfico como elemento de entrada |
Arte dominicano |
| Subdivisión de forma |
Exposiciones |
| Subdivisión general |
Catálogos |
| 650 #4 - PUNTO DE ACCESO ADICIONAL DE MATERIA--TÉRMINO DE MATERIA |
| 9 (RLIN) |
62043 |
| Término de materia o nombre geográfico como elemento de entrada |
Arte dominicano |
| Subdivisión general |
Exposiciones |
| 650 #4 - PUNTO DE ACCESO ADICIONAL DE MATERIA--TÉRMINO DE MATERIA |
| 9 (RLIN) |
79753 |
| Término de materia o nombre geográfico como elemento de entrada |
Exposicion |
| Subdivisión general |
Pintura |
| Subdivisión geográfica |
República Dominicana |
| 651 #4 - PUNTO DE ACCESO ADICIONAL DE MATERIA--NOMBRE GEOGRÁFICO |
| Nombre geográfico |
García, Rosa Idalia |
| Subdivisión de forma |
Exposiciones |
| Subdivisión general |
Pintura |
| Subdivisión cronológica |
1944- |
| Subdivisión geográfica |
República Dominicana |
| 9 (RLIN) |
81989 |
| 700 1# - PUNTO DE ACCESO ADICIONAL--NOMBRE DE PERSONA |
| 9 (RLIN) |
75759 |
| Nombre de persona |
León Jorge, María Amalia de |
| 910 ## - DATOS DE OPCIÓN DEL USUARIO (OCLC) |
| Datos de opción del usuario |
MFeliz |
| 942 ## - ELEMENTOS DE PUNTO DE ACCESO ADICIONAL (KOHA) |
| Fuente del sistema de clasificación o colocación |
Dewey Decimal Classification |
| Tipo de ítem Koha |
Libro |